Taylor Swift - Paroles champagne problems - Statistiques

Statistiques générales
  • Ce quiz a été pris 640 fois
  • Le résultat moyen est 235 sur 296
Statistiques - réponses
Hint Réponse % Correct
I
99%
the
99%
Couplet 1 | Couplet 2 | Outro You
99%
you
99%
a
98%
for
97%
Champagne
96%
champagne
96%
problems
96%
in
95%
on
95%
So
95%
so
95%
to
95%
your
95%
Your
95%
it
92%
no
92%
No
92%
reason
91%
was
91%
One
90%
this
90%
"This
90%
could
88%
night
88%
"She
88%
train
88%
What
88%
And
87%
and
87%
Don't
86%
don't
86%
there
86%
made
85%
never
85%
Never
85%
Love
84%
of
84%
go
83%
we
83%
friends
82%
me"
82%
money,
82%
they
82%
dancing
81%
fucked
81%
hand
81%
lovely
81%
My
81%
my
81%
show
81%
two
81%
while
81%
bride
80%
door
80%
head",
80%
she's
80%
watch
80%
booked
79%
is
79%
picture
79%
shame
79%
wallet
79%
You're
79%
you're
79%
it's
78%
know
78%
pocket
78%
ready,
78%
say
78%
such
78%
that
78%
That
78%
standing
77%
dropped
76%
November
76%
said
76%
group
75%
joke,
75%
just
75%
ring
75%
Sometimes
75%
touch
75%
again
74%
answer
74%
couldn't
74%
once
74%
sit
74%
keep
73%
"Well,
73%
we'll
73%
knees
72%
out
72%
word
72%
madhouse"
71%
not
71%
think
71%
would've
71%
But
70%
family
70%
mom's
70%
cure
69%
evergreen,
69%
have
69%
sister
69%
their
69%
which
69%
Refrain Because
68%
find
68%
flush
68%
heart
68%
our
68%
Her
67%
hurt
67%
instead
67%
Left
67%
Now
67%
Chevy
66%
real
66%
someone's
66%
thing
66%
told
66%
all
65%
glass,
65%
How
65%
Midas
65%
sure
65%
bottle
64%
dorm
64%
had
64%
leave
64%
worse
64%
you'll
64%
celebrating
63%
one's
62%
nerve
61%
silent
61%
sleepers
61%
through
61%
give
60%
remember
60%
soon
60%
walked
60%
crowd
59%
speech,
59%
landing
58%
speechless
58%
'Til
58%
won't
58%
asks
56%
called
56%
or
55%
brought
54%
flannel
54%
splashed
54%
they'll
54%
Refrain Dom
51%
With
51%
hold
50%
hometown
50%
shred
50%
up
50%
deck
49%
Crestfallen
48%
She'll
48%
tapestry
48%
applauded
47%
Pérignon,
47%
crowds
46%
halls
46%
patch
45%
beyond
39%
reaches
38%
Bustling
36%
skeptics
35%
slipped
24%
Aucun quiz correspondant
Distribution des résultats
% des personnes avec chaque résultat
Percentile par nombre de réponses
Votre historique - résultats
Vous n’avez pas pris ce quiz